Reasons to be cheerful (Record no. 121135)
[ view plain ]
| 000 -LEADER | |
|---|---|
| fixed length control field | 00811nam a2200217 4500 |
| 001 - CONTROL NUMBER | |
| control field | K121135 |
| 007 - PHYSICAL DESCRIPTION FIXED FIELD--GENERAL INFORMATION | |
| fixed length control field | ta |
| 008 - FIXED-LENGTH DATA ELEMENTS--GENERAL INFORMATION | |
| fixed length control field | 191018b2019 ||||| |||| 00| 0 eng d |
| 041 ## - LANGUAGE CODE | |
| Language code of text/sound track or separate title | eng |
| 100 ## - MAIN ENTRY--PERSONAL NAME | |
| Personal author | Branson, Adam |
| 245 ## - TITLE STATEMENT | |
| Title | Reasons to be cheerful |
| 260 ## - PUBLICATION INFORMATION | |
| Date | 2019 |
| 490 ## - SERIES TITLE | |
| Series statement | Modus |
| Volume | October 2019, 16-18(2) |
| 520 ## - ABSTRACT | |
| Abstract | Interviews with three experts Andrew Waller of Remit Consulting, Patrick Thomson, Centre for Aging Better and Julie Hirigoyen, UK Green Building Council looking at whether the fragile economy, new technologies, an aging workforce and climate issues are challenges or opportunities to grasp the initiative. |
| 650 ## - KEYWORDS | |
| Keywords | AGING WORKFORCE |
| 650 ## - KEYWORDS | |
| Keywords | CLIMATE CHANGE |
| 650 ## - KEYWORDS | |
| Keywords | PROPTECH |
| 651 ## - SUBJECT ADDED ENTRY--GEOGRAPHIC NAME | |
| Geographic name | United Kingdom |
| 690 ## - LOCAL SUBJECT ADDED ENTRY--TOPICAL TERM (OCLC, RLIN) | |
| 9 (RLIN) | 6226 |
| Topical term or geographic name as entry element | Business and management |
| 942 ## - ADDED ENTRY ELEMENTS (KOHA) | |
| Source of classification or shelving scheme | Dewey Decimal Classification |
| Withdrawn status | Lost status | Source of classification or shelving scheme | Damaged status | Not for loan | Home library | Current library | Shelving location | Date acquired | Total Checkouts | Date last seen | Price effective from | Koha item type |
|---|---|---|---|---|---|---|---|---|---|---|---|---|
| Dewey Decimal Classification | London | London | Gallery | 18/10/2019 | 18/10/2019 | 18/10/2019 | Journal article |